[Event "FIDE Candidates 2020"]
[White "Vachier-Lagrave,Maxime"]
[Black "Grischuk,Alexander"]
[Site "Yekaterinburg"]
[Round "4.3"]
[Annotator "TA"]
[Result "1/2-1/2"]
[Date "2020.03.21"]
[WhiteElo "2767"]
[BlackElo "2777"]
[PlyCount "106"]

1. e4 {} e5 2. Nf3 Nc6 3. Bb5 Nf6 4. 0-0 Nxe4 5. d4 Nd6 6. Bxc6 dxc6 7. dxe5 Nf5 8. Qxd8+ Kxd8 9. h3 Ke8 10. Nc3 h5 11. Bf4 Be7 12. Rad1 Be6 13. Ng5 Rh6 14. Rfe1 Bb4 15. a3 Bxc3 16. bxc3 h4 17. g4 hxg3 $1 18. fxg3 Ne7 19. h4 Nd5 20. Bc1 Nxc3 21. Rd3 Na4 22. Rf3 Bd5 23. Rf4 Nb6 $1 24. Ref1 {} Rg6 25. Rf5 Bc4 26. Re1 Ke7 27. h5 (27. a4 $11 )Rh6 ({Black should try} 27... Be6 $1 $15 28. hxg6 Bxf5 29. gxf7 Be6 )28. g4 $11 Rhh8 {[#]} 29. a4 $1 {} Nxa4 30. Ba3+ c5 31. e6 f6 32. Bxc5+ Nxc5 33. Rxc5 { [#] Strongly threatening Nf7.
Double Attack} fxg5 34. Rxc7+ { Double Attack} Kd6 35. Rxc4 { Endgame KRR-KRR} a5 36. Rd1+ ({Better is} 36. Rd4+ $16 Kc5 37. Rd7 )Ke7 {The position is equal.} 37. Re4 {Threatens to win with Rd7+.} Rhd8 $132 {
 Black has counterplay} 38. Rb1 Rdb8 39. Rb5 a4 40. Rxg5 Rg8 41. h6 gxh6 (41... a3 $5 42. h7 $8 Rge8 $11 )42. Rxg8 Rxg8 43. Rxa4 {KR-KR} h5 44. Kf2 Rxg4 45. Rxg4 hxg4 46. Kg3 Kxe6 {( -> ...Kf5)} 47. Kxg4 {KP-KP} Ke5 48. Kf3 Kd4 49. Ke2 $1 Kc3 50. Kd1 $1 b5 (50... b6 $5 )51. Kc1 b4 52. Kb1 b3 53. cxb3 Kxb3 {Accuracy: White = 94%, Black = 94%.} 1/2-1/2

[Event "FIDE Candidates 2020"]
[White "Ding,Liren"]
[Black "Giri,Anish"]
[Site "Yekaterinburg"]
[Round "4.4"]
[Annotator "TA"]
[Result "1/2-1/2"]
[Date "2020.03.21"]
[WhiteElo "2805"]
[BlackElo "2763"]
[PlyCount "84"]

1. d4 {} Nf6 2. c4 e6 3. g3 Bb4+ 4. Bd2 a5 5. Bg2 d5 6. Nf3 0-0 7. Qc2 $1 { outshines the older 7.
0-0. Played by Ian Nepomniachtchi in December 2019.} c5 {E11: Bogo-Indian.} 8. cxd5 cxd4 9. Nxd4 Qb6 {White is slightly better.} 10. e3 exd5 11. 0-0 Nc6 12. Nxc6 bxc6 13. Rc1 {[#]} Rb8 $146 ({Predecessor:} 13... Be6 14. Nc3 c5 15. Na4 Qa7 16. Bc3 Bxc3 17. Qxc3 Rac8 18. Qa3 c4 19. Rd1 h5 {1/2-1/2 (86) Esipenko,A 
(2590)-Riazantsev,A (2594) Tallinn 2019} )14. Bxb4 Qxb4 15. b3 h5 16. Nc3 {
} h4 17. Ne2 Bd7 18. Nf4 hxg3 19. hxg3 Rfc8 20. Bf3 (20. Nd3 $5 {} Qd6 21. Qc5 $11 )a4 21. bxa4 Ra8 22. Nd3 Qxa4 23. Qxa4 Rxa4 24. Nc5 Ra5 25. a4 Rca8 26. Bd1 Be8 27. Kf1 Kf8 {The position is equal.} 28. Rab1 Ne4 29. Nxe4 dxe4 30. Rb7 c5 31. Bb3 R5a7 32. Rxa7 Rxa7 $11 { Endgame KRB-KRB} 33. Ke1 Ke7 34. Ra1 c4 35. Bc2 Kd6 36. Kd2 Kc5 37. Kc3 Ra6 $1 38. g4 g5 39. a5 Bc6 40. Ra2 Ra7 41. Ra1 Ra6 42. Ra2 Kd5 $2 { Accuracy: White = 94%, Black = 93%. . An unexpected
result.} (42... Ra7 $11 {and Black has nothing to worry.} )1/2-1/2

[Event "FIDE Candidates 2020"]
[White "Giri,Anish"]
[Black "Caruana,Fabiano"]
[Site "Yekaterinburg"]
[Round "5.1"]
[Annotator "TA"]
[Result "1/2-1/2"]
[Date "2020.03.22"]
[WhiteElo "2763"]
[BlackElo "2842"]
[PlyCount "83"]

1. d4 {} d5 2. c4 c6 3. Nf3 Nf6 4. e3 Bf5 5. Nc3 e6 6. Nh4 Be4 7. f3 Bg6 {D12: Slav
Defence: 3 Nf3 Nf6 4 e3 Bf5.} 8. Bd2 Be7 $1 { is currently scoring
better than 8...Nbd7. Played by Xiangzhi Bu in October 2019. 8...Nbd7 is not
played anymore.} 9. Nxg6 hxg6 10. Qc2 Nbd7 11. 0-0-0 {[#]} Nb6 $146 ({
Predecessor:} 11... Qc7 12. h4 dxc4 13. Bxc4 b5 14. Bd3 a6 15. Ne4 Nxe4 16. Bxe4 Rc8 17. Kb1 Nf6 {1/2-1/2 (67) Lupulescu,C (2643)-Bu,X (2721) Douglas 2019} )12. c5 Nbd7 13. Kb1 Qb8 14. h4 g5 15. Be1 g4 16. e4 gxf3 17. gxf3 b6 18. exd5 exd5 19. cxb6 axb6 20. Ne2 Qa7 21. b3 Nh5 22. Ng3 g6 23. Nxh5 Rxh5 24. f4 Kf8 25. Be2 Rh8 26. Bd3 c5 27. Bc3 {dxc5 is the strong threat.} cxd4 (27... c4 $16 28. bxc4 Nf6 )28. Bxd4 $18 Bf6 29. Bxf6 (29. Bb5 $18 )Nxf6 $16 {} 30. f5 gxf5 31. Bxf5 b5 (31... Qe7 $16 {might
work better.} )32. Rh2 (32. Qb2 $18 )Rh5 33. Re2 ({Better is} 33. Rf1 $16 )d4 34. Re5 (34. Be4 $16 Re8 35. Bd3 )Ng4 $1 $11 {
The position is equal.} 35. Rc5 Ne3 36. Rc8+ Rxc8 37. Qxc8+ Ke7 $132 { Black puts up resistance} 38. Rc1 Nd5 $1 { [#] White must
now prevent ...Nc3+.} 39. Re1+ Ne3 40. Rc1 Nd5 $1 { Strongly
threatening ...Nc3+.} 41. Re1+ Ne3 42. Rc1 {Black defended with fortune.
Accuracy: White = 70%, Black = 70%.} 1/2-1/2

[Event "FIDE Candidates 2020"]
[White "Grischuk,Alexander"]
[Black "Ding,Liren"]
[Site "Yekaterinburg"]
[Round "5.2"]
[Annotator "TA"]
[Result "1/2-1/2"]
[Date "2020.03.22"]
[WhiteElo "2777"]
[BlackElo "2805"]
[PlyCount "107"]

1. e4 {} e5 2. Nf3 Nc6 3. Bb5 a6 4. Ba4 Nf6 5. 0-0 Be7 6. Re1 b5 7. Bb3 0-0 8. h3 Bb7 $1 {The main line 8...Bb7 scores better than 8...d6.} 9. d3 d5 {C88: Closed Ruy Lopez: Anti-Marshall Systems.} 10. exd5 Nxd5 11. Nbd2 Qd7 12. a4 f6 13. Ne4 {Hoping for c4.} Na5 14. Ba2 c5 15. Be3 Rfc8 16. axb5 axb5 17. Nxc5 { [#] Remove Defender, Decoy} Rxc5 18. b4 $1 { Double Attack} Rcc8 19. bxa5 Kh8 {Threatens to win with ...Nc3.
} 20. Bd2 Nb4 21. Bb3 Bd5 22. Bxd5 Qxd5 {[#]} 23. Rc1 $146 ({Predecessor:} 23. c4 bxc4 24. dxc4 Qxc4 25. Ra4 Rcb8 26. Qa1 Qd3 27. Rd1 Rd8 28. Rb1 Na6 29. Be3 {1/2-1/2 (48) Boada Marti,M (2196)-Padilla Lopez,D (2155) ICCF email 2018} )Nc6 24. c4 bxc4 $1 25. Rxc4 {aiming for Qa4.} Nxa5 (25... Rcb8 {seems
wilder.} 26. Qc2 Nb4 27. Bxb4 Bxb4 28. Rc1 Bxa5 29. d4 e4 )26. Rxc8+ Rxc8 27. d4 {} Nc6 28. dxe5 Nxe5 29. Nxe5 fxe5 30. Qg4 Rd8 31. Be3 Bf6 32. Rc1 Qd7 33. Qh5 Qe8 34. Qf3 Rc8 35. Rd1 Rd8 36. Rc1 Rc8 37. Rb1 Rb8 38. Re1 Qg6 39. Ba7 Rc8 40. Qb7 Qc2 41. Be3 {Black must now prevent Rc1!} Qc6 42. Qb4 h5 43. Bc1 Qc2 44. Be3 Rd8 45. Qb1 Qxb1 {The position is equal.} 46. Rxb1 $11 {
 Endgame KRB-KRB} Kh7 47. g4 hxg4 48. hxg4 Rd6 49. Kg2 Kg6 50. Kf3 Bg5 51. Ke4 Bxe3 52. fxe3 Re6 53. Rb7 (53. Kd5 $5 {} Re7 54. Rh1 $11 )Re8 54. Ra7 {Accuracy: White = 92%, Black = 93%.} 1/2-1/2

[Event "FIDE Candidates 2020"]
[White "Alekseenko,Kirill"]
[Black "Vachier-Lagrave,Maxime"]
[Site "Yekaterinburg"]
[Round "5.3"]
[Annotator "TA"]
[Result "1/2-1/2"]
[Date "2020.03.22"]
[WhiteElo "2698"]
[BlackElo "2767"]
[PlyCount "65"]

1. e4 {} c5 2. Nf3 d6 3. d4 cxd4 4. Nxd4 Nf6 5. Nc3 a6 6. f3 e6 7. Be3 b5 8. Qd2 Nbd7 9. a3 {B80: Sicilian
Scheveningen: 6 g3 and 6 Be3, including English Attack.} h5 10. 0-0-0 {was the
old line (10.Be2).} Bb7 11. Kb1 Be7 12. Rg1 Rc8 13. Be2 Nb6 14. Qe1 Nfd7 15. g4 hxg4 16. Rxg4 {[#]} g6 $146 ({Predecessor:} 16... Bf8 17. Rg2 Ne5 18. f4 Nec4 19. Bc1 Qc7 20. Bxc4 Nxc4 21. Rd3 g6 {0-1 (82) Carlsen,M (2872)-Vachier
Lagrave,M (2780) London 2019} )17. Rxg6 Rxc3 $1 {The position is equal.} 18. Nxe6 ({Much worse is} 18. bxc3 fxg6 19. Nxe6 Qc8 $17 )Qc8 19. Ng7+ Kf8 20. Rh6 $1 {} Rxh6 21. Bxh6 Rxc2 22. Nf5+ Ke8 23. Nxe7 Kxe7 24. Qh4+ $1 f6 25. Bf4 {[#]} Rxb2+ $1 {} 26. Kxb2 Na4+ 27. Kb1 Nc3+ {
 Double Attack} 28. Ka1 Nxd1 29. Qh7+ Kd8 30. Qg8+ Ke7 31. Qh7+ Kd8 32. Qg8+ ({Of course not} 32. Bxd1 Qc3+ 33. Kb1 Qd3+ 34. Bc2 Qxa3 $15 )Ke7 {[#] ( -> ...Qc3+)} 33. Qh7+ {Not much happened in this game. Accuracy:
White = 100%, Black = 95%.} 1/2-1/2

[Event "FIDE Candidates 2020"]
[White "Nepomniachtchi,Ian"]
[Black "Wang,Hao"]
[Site "Yekaterinburg"]
[Round "5.4"]
[Annotator "TA"]
[Result "1-0"]
[Date "2020.03.22"]
[WhiteElo "2774"]
[BlackElo "2762"]
[PlyCount "85"]

1. e4 {
} e5 2. Nf3 Nf6 3. Nxe5 d6 4. Nf3 Nxe4 5. d4 d5 6. Bd3 Bf5 7. 0-0 Be7 8. Re1 0-0 9. Nbd2 $1 { is recently more successful than 9.c4.
C42: Petroff Defence: 3 Nxe5 and unusual White 3rd moves.} Nd6 $1 10. Nf1 Bxd3 11. Qxd3 {The position is equal.} c6 12. Bf4 Na6 {[#]} 13. h4 $1 $146 {
A top novelty.} ({Predecessor:} 13. Ne3 Nc7 14. Re2 Ne6 15. Bxd6 Bxd6 16. g3 Qd7 17. Rae1 Rae8 18. b3 {1/2-1/2 (31) Anand,V (2767)-Yu,Y (2738) Stavanger
2019} )Nc7 14. Ng5 Bxg5 (14... g6 {with more complications.} 15. Ng3 Re8 16. b3 Bxg5 17. Bxg5 Qd7 )15. Bxg5 f6 16. Bf4 Qd7 17. Ng3 {Bxd6 is the strong
threat.} Rae8 18. Bxd6 Qxd6 19. Nf5 Qd7 20. Qh3 Kh8 21. h5 Rxe1+ 22. Rxe1 Re8 23. Rxe8+ Nxe8 24. g4 a6 25. b3 (25. Kf1 {is interesting.} Qe6 26. Qh2 Qd7 27. c3 Kg8 28. Qb8 )Qe6 26. Ne3 (26. Kg2 {looks sharper.} Kg8 27. Qe3 Qxe3 28. Nxe3 Kf7 29. c4 )Nd6 27. h6 g6 28. c4 dxc4 29. bxc4 Kg8 ({Don't go
for} 29... Nxc4 $2 30. Nxc4 Qxc4 31. Qh2 $18 )30. Qh2 Kf7 31. c5 Nb5 32. Qb8 $36 { Threatens to win with d5. White is more active.} Qd7 $2 {
} (32... Nxd4 $11 33. Qxb7+ Qe7 34. Qxa6 Qxc5 )33. Qh8 $18 Ke6 34. f4 $1 {} Nxd4 {White must now prevent ...Ne2+.} 35. Qg8+ Qf7 36. Qc8+ Qd7 37. Qg8+ Qf7 {[#]} 38. Qd8 $1 {} Qd7 {[#]} (38... Nb5 $142 39. Kf2 g5 )39. f5+ $1 {} gxf5 40. gxf5+ Nxf5 {
White is clearly winning.} 41. Qxd7+ { Overworked Piece} Kxd7 42. Nxf5 Ke6 43. Ne3 {Accuracy: White = 85%, Black = 82%.} 1-0

[Event "FIDE Candidates 2020"]
[White "Grischuk,Alexander"]
[Black "Caruana,Fabiano"]
[Site "Yekaterinburg"]
[Round "6.1"]
[Annotator "TA"]
[Result "1/2-1/2"]
[Date "2020.03.23"]
[WhiteElo "2777"]
[BlackElo "2842"]
[PlyCount "108"]

1. e4 {} e5 2. Nf3 Nc6 3. Bb5 a6 4. Ba4 Nf6 5. 0-0 b5 6. Bb3 Bc5 7. a4 Rb8 8. c3 d6 9. d4 Bb6 10. a5 {C78: Ruy Lopez: Archangelsk and Möller Defences.} Ba7 $1 11. h3 0-0 12. Be3 Re8 {[#]} 13. Ng5 $146 ({Predecessor:} 13. dxe5 Bxe3 14. exf6 Bh6 15. fxg7 Qf6 16. Nh2 Ne5 17. Qh5 Nc4 18. Bc2 Qxg7 19. Ng4 Bxg4 20. hxg4 b4 21. b3 Rb5 {1/2-1/2 (21) Libiszewski,F (2458)-Guadalpi,D (2281) Aix
les Bains 2003} )Rf8 14. Nf3 (14. Re1 $11 )Re8 $16 {The modern
move.} 15. Re1 (15. dxe5 $16 dxe5 16. Qxd8 Rxd8 17. Bxa7 Nxa7 18. Nxe5 )exd4 $11 ({But not} 15... Nxe4 $6 16. d5 $16 )16. cxd4 Nxe4 17. d5 Bxe3 18. Rxe3 Na7 $1 19. Qd4 Bf5 20. Nbd2 {} Nc5 21. Rxe8+ Qxe8 22. Re1 {
} Qf8 23. Bd1 {aiming for Nh4.} b4 $1 24. Be2 Qd8 25. Bf1 h6 26. Re3 b3 (26... c6 $11 )27. Qf4 { White has
compensation.} Bd7 28. Nd4 Rb4 29. Rg3 Qe7 30. Bc4 ({Avoid the trap} 30. Qxh6 $2 Qe5 $19 )Nb5 31. N4xb3 Nxb3 32. Rxb3 Qe1+ 33. Kh2 $1 Rxb3 34. Nxb3 Qb4 35. Qe4 c5 36. Qd3 ({Don't blunder} 36. dxc6 $2 Be6 $19 )g6 37. g4 Kg7 38. Kg2 Nc7 (38... Bc8 $15 )39. Qc3+ {The position is equal.} Qxc3 40. bxc3 {
 Endgame KBN-KBN} f5 41. Nd2 Kf6 42. Kg3 Bb5 43. Bb3 Be2 44. gxf5 gxf5 45. f4 Nb5 46. c4 Nc3 47. Bc2 Bd1 48. Bd3 Na2 49. Kf2 Nb4 50. Ke3 Bc2 51. Be2 Na2 52. Nf1 Nc1 53. Kd2 {[#] And now Bh5 would win.} Nxe2 54. Kxe2 Ba4 {
Accuracy: White = 86%, Black = 94%.} 1/2-1/2

[Event "FIDE Candidates 2020"]
[White "Alekseenko,Kirill"]
[Black "Giri,Anish"]
[Site "Yekaterinburg"]
[Round "6.2"]
[Annotator "TA"]
[Result "0-1"]
[Date "2020.03.23"]
[WhiteElo "2698"]
[BlackElo "2763"]
[PlyCount "196"]

1. e4 {} e5 2. Nf3 Nc6 3. Bc4 Bc5 4. 0-0 Nf6 5. d3 d6 6. c3 0-0 7. Re1 {outshines the older 7.Bb3.} a5 {
C54: Giuoco Piano: 4 c3 Nf6, main lines with 5 d4 and 5 d3.} 8. Nbd2 {} Be6 9. Bb5 Ba7 $5 { The position is equal.
An interesting side line.} 10. Nf1 Ne7 11. Ng3 c6 12. Ba4 Ng6 13. h3 d5 14. exd5 Nxd5 15. Bc2 Qc7 16. d4 exd4 $1 17. Nxd4 Rae8 18. Bg5 Ndf4 19. Qd2 Bd5 20. Rxe8 (20. Bxg6 {is more complex.} Nxg6 21. Ndf5 f6 22. Be3 Bxe3 23. Rxe3 Rxe3 24. Nxe3 Be6 25. Qc2 )Rxe8 21. Re1 {[#]} (21. Bxg6 $1 $11 Nxg6 22. Ndf5 )Re5 $146 (21... Rxe1+ $17 22. Qxe1 Qb8 )({Predecessor:} 21... Rxe1+ 22. Qxe1 Ne6 23. Be3 Bxd4 24. cxd4 Nh4 25. Ne4 f5 26. f3 Qe7 27. Bf2 Nxf3+ 28. gxf3 fxe4 29. Bxe4 Bxe4 30. Qxe4 {0-1 (51) Grandelius,N (2687)-Hovhannisyan,R (2630)
Reykjavik 2019} )22. Bxf4 $11 Rxe1+ 23. Qxe1 Qxf4 24. Qe8+ Nf8 25. Bb3 Bxd4 26. cxd4 Bxb3 27. axb3 Qf6 (27... h6 {with more complications.} 28. Qe3 Ne6 29. Ne2 Qf5 30. Qd2 Qb5 )28. Qe4 g6 29. Ne2 Ne6 30. h4 h5 31. g3 Qd8 32. Qe5 Qb6 33. d5 cxd5 34. Qxd5 Kf8 35. Nc3 Qc7 36. Ne4 Qc1+ 37. Kg2 Qxb2 38. Qd7 b6 39. Nd6 {
} Qf6 40. Qe8+ $1 Kg7 41. Qd7 {Black must now prevent
Ne8+.} Kg8 42. Qe8+ $1 Nf8 43. Qc6 $1 Qd8 44. Nc4 (44. Nb7 $1 $11 Qd3 45. Qxb6 )Ne6 (44... Qd7 $1 $17 {} 45. Qxd7 Nxd7 )45. Nxb6 Nd4 {
 Double Attack} 46. Qc5 (46. Qb7 $11 {remains equal.} )Nxb3 $17 47. Qb5 Nd2 48. Qxa5 Qd3 {( -> ...Qf1+)} 49. Qa1 Qe4+ 50. Kg1 Nf3+ 51. Kf1 {[#]
} Nxh4 $1 {} 52. Qa8+ (52. gxh4 Qh1+ )Qxa8 53. Nxa8 { Endgame KN-KN} Nf3 54. Kg2 Ne5 (54... Nd4 {feels hotter.} 55. f4 f6 56. Nc7 Kf7 57. Nd5 Nf5 )55. f4 Ng4 56. Nb6 Kf8 57. Nd5 Ke8 58. Nc3 Ke7 59. Ne4 Ne3+ 60. Kf3 Nc4 61. Ng5 Kf6 62. Ne4+ Kf5 63. Nf2 Nd2+ 64. Ke3 Nf1+ 65. Kf3 Nh2+ 66. Kg2 Ng4 {And now ...Nxf2 would win.} 67. Nh3 f6 68. Kf3 Ke6 69. Ke4 Kd6 70. Ng1 Kc5 71. Kd3 Nh6 72. Ke3 Nf5+ 73. Kf3 Kc4 74. Nh3 Nd4+ 75. Ke3 Nf5+ 76. Kf3 Kd4 77. Nf2 Nd6 78. Nh3 (78. Nd1 $17 )Ne4 (78... Kd3 $19 79. Nf2+ Kd2 )79. Ng1 Kd3 80. Kg2 Nd2 {Threatens to win with ...Ke3.} 81. Kf2 Ke4 {
aiming for ...h4!} 82. Ne2 Nb1 83. Ng1 {[#]} h4 $1 {} 84. Nh3 $1 (84. gxh4 Kxf4 )Kf5 {Hoping for ...Kg4.} 85. gxh4 Kg4 86. f5 gxf5 {Black
wants to play ...Nc3.} (86... Kxf5 $5 {} 87. Kg3 Na3 $17 )87. Ke3 Nc3 88. Nf2+ Kg3 {Strongly threatening ...f4+.} (88... Kxh4 $5 {} 89. Kf4 Nd5+ 90. Kxf5 Kh5 $11 )89. Nd3 $2 {} (89. Nh1+ $11 Kh2 90. h5 Nd5+ 91. Kf3 Kxh1 92. h6 )Nd5+ $1 $19 90. Kd4 Nf4 91. Nc5 Kxh4 92. Ke3 {[#]} Kg3 $1 {Black mates.} 93. Nb3 Ne6 94. Nd2 f4+ 95. Ke2 Ng5 96. Kf1 f3 97. Kg1 f2+ 98. Kf1 {[#]} f5 $1 {Accuracy: White = 84%, Black = 88%.} 0-1

[Event "FIDE Candidates 2020"]
[White "Nepomniachtchi,Ian"]
[Black "Ding,Liren"]
[Site "Yekaterinburg"]
[Round "6.3"]
[Annotator "TA"]
[Result "1-0"]
[Date "2020.03.23"]
[WhiteElo "2774"]
[BlackElo "2805"]
[PlyCount "79"]

1. e4 {} e5 2. Nf3 Nc6 3. Bb5 a6 4. Ba4 Nf6 5. 0-0 Be7 6. d3 b5 7. Bb3 d6 8. a3 $1 { is
currently scoring better than 8.a4. Played by Alireza Firouzja in February
2020.} 0-0 9. Nc3 Na5 {C77: Ruy Lopez: 3...a6 4 Ba4 Nf6, unusual lines.} 10. Ba2 Be6 11. b4 Bxa2 {The position is equal.} 12. Rxa2 Nc6 13. Bg5 Qd7 14. Bxf6 Bxf6 15. Nd5 a5 {[#]} 16. Rb2 $1 $146 { A top novelty.} ({Predecessor:
} 16. c4 Ne7 17. Qb3 bxc4 18. Nxe7+ Bxe7 19. dxc4 axb4 20. axb4 Qc6 21. Re1 Rxa2 22. Qxa2 {1/2-1/2 (90) Vachier Lagrave,M (2780)-Ding,L (2801) London 2019} )axb4 17. axb4 Bd8 18. c4 Nd4 19. Nxd4 exd4 20. Qc2 Re8 (20... c6 $5 21. Nf4 $8 Qb7 $11 )21. g3 bxc4 22. Qxc4 c6 23. Nf4 Bg5 24. Ne2 d5 25. exd5 cxd5 26. Qb3 h5 27. b5 {} h4 28. b6 (28. Nxd4 $2 Bf6 $17 )h3 29. Kh1 (29. Nxd4 Bf6 $15 )Reb8 30. Rfb1 $36 { White
fights for an advantage.} (30. Nxd4 $2 Bf6 $19 )Bd8 31. Qb5 (31. Nxd4 Rxb6 32. Qxb6 Bxb6 $19 )Qg4 $2 {[#]} (31... Qf5 $16 32. Nxd4 Qf6 )32. Qxd5 (32. Qe8+ $18 {and the rest is easy.} Kh7 33. Qxf7 )Ra5 $16 33. Qc6 ({Better is} 33. f3 $16 {And now Qxd8+! would win.} Rxd5 34. fxg4 )Rc5 $2 (33... Rxb6 $1 $11 {and Black has nothing to worry.} 34. Rxb6 (34. Qe8+ $2 Kh7 $19 )Qxe2 )34. Qe8+ $18 Kh7 {[#] ( -> ...Qf3+!)} 35. Ng1 $1 Rxb6 36. Qxd8 {White has a decisive advantage.} Rxb2 37. Rxb2 Rc1 {} 38. Qh4+ Qxh4 39. gxh4 Rd1 40. f3 {Accuracy: White = 83%, Black = 75%.} 1-0

[Event "FIDE Candidates 2020"]
[White "Wang,Hao"]
[Black "Vachier-Lagrave,Maxime"]
[Site "Yekaterinburg"]
[Round "6.4"]
[Annotator "TA"]
[Result "1/2-1/2"]
[Date "2020.03.23"]
[WhiteElo "2762"]
[BlackElo "2767"]
[PlyCount "165"]

1. d4 {} Nf6 2. c4 g6 3. Nc3 d5 4. cxd5 Nxd5 5. e4 Nxc3 6. bxc3 Bg7 7. Bc4 c5 8. Ne2 0-0 9. 0-0 Nc6 10. Be3 b6 {Nowadays more popular than 10...Qc7.} 11. h4 {D87: Exchange
Grünfeld: Classical Line: Variations without ...cxd4.} e6 12. h5 Qh4 13. hxg6 hxg6 14. f3 Bb7 15. Qd2 cxd4 16. cxd4 Rfd8 17. Rac1 {[#]} Qe7 $146 ({
Predecessor:} 17... Be5 18. f4 Bg7 19. Rf3 Rac8 20. Rh3 Qg4 21. Qe1 Nxd4 22. Nxd4 Bxd4 23. Bxd4 Rxd4 {1/2-1/2 (44) Dubov,D (2676)-Svidler,P (2719) Hamburg
2019} )18. Rfd1 Rac8 19. Bg5 Bf6 20. Bxf6 Qxf6 21. Qe3 Kg7 22. Kf2 Rh8 23. Rh1 $36 { Black is under pressure.} Rxh1 24. Rxh1 Rh8 25. Rxh8 Kxh8 26. Qc3 Kg8 27. d5 Qxc3 28. Nxc3 $11 { Endgame KBN-KBN} Na5 29. Bd3 exd5 (29... Kg7 $14 )30. exd5 $16 Kf8 (30... Bc8 $16 )31. Ke3 $18 Ke7 32. Kd4 Bc8 {
[#]} 33. Nb5 $1 a6 34. Nc7 Kd6 35. Nxa6 Nb7 36. g4 (36. Nb4 $142 )g5 $16 37. Nb4 {Black must now prevent Ba6.} Bd7 38. Nc2 Ke7 39. Ne3 Nd6 40. Nd1 Ba4 41. Nf2 f6 42. Be2 Be8 43. Nd1 Ba4 44. Nb2 Be8 45. Bd1 (45. Bd3 $16 )Nb5+ $11 46. Kc4 Nc7 $1 47. Bb3 Kd6 48. Kd4 {[#] aiming for Nc4+.} Nb5+ 49. Kd3 Nc7 50. Nc4+ Kc5 $1 51. Nd2 {Hoping for Ne4+.} Bb5+ 52. Ke4 {Kf5 is the strong
threat.} Bd7 $1 53. Nf1 Nb5 54. Ng3 Nd6+ 55. Ke3 f5 56. gxf5 Bxf5 57. Nxf5 Nxf5+ $14 {KB-KN} 58. Ke4 Nh4 $1 59. Ba4 Kd6 60. Be8 Ng2 61. Bf7 Ne1 62. a4 Nc2 63. Be8 Ne1 64. Bb5 Ng2 65. Bc4 Nh4 66. Bf1 Kc5 67. Bh3 Kd6 68. Be6 (68. Bg4 $14 )Ng6 ({Black should play} 68... Ng2 $1 $11 )69. Bf7 ({Better is} 69. Kd4 $1 $14 )Nh4 (69... Ne7 $1 $11 70. Be6 Ng6 )70. Be8 Ng2 71. Bb5 Nh4 72. Bd3 Kc5 73. Bf1 Kd6 74. Bh3 Ng6 75. Be6 Nh4 76. Bf7 Ke7 77. Bh5 {Strongly
threatening Ke5.} Kd6 78. Bg4 $1 Ng2 79. Kf5 Kxd5 80. Kxg5 Ke5 81. Kg6 (81. Bf5 $16 )Nf4+ $11 82. Kf7 Nd3 83. Ke7 {Black escapes into a draw. Accuracy:
White = 85%, Black = 83%.} 1/2-1/2

[Event "FIDE Candidates 2020"]
[White "Caruana,Fabiano"]
[Black "Wang,Hao"]
[Site "Yekaterinburg"]
[Round "7.1"]
[Annotator "TA"]
[Result "1/2-1/2"]
[Date "2020.03.25"]
[WhiteElo "2842"]
[BlackElo "2762"]
[PlyCount "82"]

1. e4 {} e5 2. Nf3 Nf6 3. Nxe5 d6 4. Nf3 Nxe4 5. Nc3 Nxc3 6. dxc3 Be7 7. Be3 0-0 8. Qd2 {C42:
Petroff Defence: 3 Nxe5 and unusual White 3rd moves.} Nd7 9. 0-0-0 Nf6 {
is now debated instead of 9...Ne5.} 10. Bd3 {The position is equal.} c5 11. Rhe1 Be6 12. Kb1 Qa5 13. c4 Qxd2 14. Nxd2 {[#]} Rad8 $146 ({Predecessor:} 14... Rfe8 15. f3 Rad8 16. a4 b6 17. b3 h6 18. Ne4 d5 19. cxd5 Nxd5 20. Bd2 Nc7 {
1/2-1/2 (30) Razumikhin,A (2433)-Serner,A (2409) ICCF email 2019} )15. f3 b6 16. g4 d5 17. g5 Nh5 18. cxd5 Bxd5 19. Ne4 f5 20. gxf6 Nxf6 21. Bg5 Kf7 22. Ng3 c4 23. Bf1 b5 24. a4 a6 25. axb5 axb5 26. Nf5 Bc5 27. Re5 {aiming for Bxf6.} Bxf3 28. Rxd8 Rxd8 29. Rxc5 {Ne3 is the strong threat.} Rd1+ { [#]
Double Attack} 30. Ka2 Rxf1 31. Rxb5 c3 {And now ...Bd5+ would win.} 32. Bxf6 Kxf6 $11 { Endgame KRB-KRN} 33. Ne3 Rf2 34. Rf5+ (34. b4 $11 )Ke6 $1 $15 35. Ka3 cxb2 36. Kxb2 {[#]} h5 (36... Rxc2+ $1 $15 {} 37. Kb3 (37. Kxc2 Be4+ )Bb7 )37. h4 {Hoping for Rf8.} Rxc2+ $1 {
Decoy} 38. Kxc2 Be4+ { Double Attack. Black is slightly better.} 39. Kd2 $1 Bxf5 40. Ke2 Ke5 {Threatens to win with ...Kf4.} 41. Kf3 $1 Bd3 {
Accuracy: White = 89%, Black = 95%.} 1/2-1/2

[Event "FIDE Candidates 2020"]
[White "Vachier-Lagrave,Maxime"]
[Black "Nepomniachtchi,Ian"]
[Site "Yekaterinburg"]
[Round "7.2"]
[Annotator "TA"]
[Result "1-0"]
[Date "2020.03.25"]
[WhiteElo "2767"]
[BlackElo "2774"]
[PlyCount "83"]

1. e4 {} e6 2. d4 d5 3. Nc3 Bb4 4. e5 c5 5. a3 Bxc3+ 6. bxc3 Ne7 {6...Qa5 is the modern continuation.} 7. h4 Qc7 8. h5 {C18: French: 3
Nc3 Bb4: Main line: 7 h4 and 7 Qg4.} h6 9. Rb1 b6 10. Qg4 {The position is
equal.} Rg8 11. Bb5+ {[#]} Kf8 $146 {White must now prevent ...c4.} ({
Predecessor:} 11... Bd7 12. Bd3 Nf5 13. Qf4 Nc6 14. Bxf5 exf5 15. e6 Qxf4 16. exd7+ Kxd7 17. Bxf4 cxd4 18. cxd4 Nxd4 {1-0 (36) Bartel,M (2629)-Jaroch,K 
(2254) Zgierz 2017} )12. Bd3 Ba6 13. dxc5 Bxd3 14. cxd3 Nd7 15. d4 bxc5 16. Qd1 Qa5 17. Bd2 Rb8 18. Ne2 c4 19. 0-0 Rb6 20. Qc2 Rh8 (20... Ra6 $14 )21. a4 $16 Ke8 22. Rb4 Nc6 23. f4 Ne7 ({But not} 23... Nxb4 $6 24. cxb4 Qa6 25. b5 $14 )24. Rfb1 f5 25. Rb5 Qa6 26. Bc1 Kf7 {White stays focused until the end.} (26... Rf8 $14 )27. Ba3 Rhb8 {} 28. Bxe7 $1 Kxe7 {[#]} 29. g4 $1 Rxb5 30. axb5 Rxb5 31. gxf5 {Threatens to win with Rxb5.} Rxb1+ 32. Qxb1 exf5 33. Ng3 Qb6 (33... Qa3 $142 )34. Nxf5+ $18 Kf8 35. Qa1 Qe6 {[#]} (35... Kg8 $142 36. Ne7+ Kh8 )36. Ng3 $1 Qg4 $2 (36... Qb6 {was necessary.} 37. Qa3+ Kf7 )37. Kg2 Qxf4 38. Qxa7 Ke7 39. Qa3+ Kd8 40. Qd6 g5 {intending ...g4.} 41. hxg6 h5 42. g7 {Accuracy: White = 97%, Black = 62%.} 1-0